[Event "Skopje U2200 op"]
[Site "Skopje"]
[Date "2017.12.08"]
[Round "2"]
[White "Bogdanovic, Nenad"]
[Black "Terziev, Dimo"]
[Result "0-1"]
[WhiteElo "2145"]
[BlackElo "1989"]
[PlyCount "42"]
[EventDate "2017.12.07"]
[EventType "swiss"]
[EventRounds "7"]
[EventCountry "MKD"]
[SourceTitle "CBM 182 Extra"]
[Source "ChessBase"]
[SourceDate "2018.02.23"]
[SourceVersion "1"]
[SourceVersionDate "2018.02.23"]
[SourceQuality "1"]

1. Nh3 Nf6 2. f3 e5 3. g3 Bc5 4. e3 0-0 5. Nf2 d5 6. Bg2 Nc6 7. 0-0 Be6 8. d3 h5 9. c3 Qe7 10. d4 exd4 11. exd4 Bd6 12. Bg5 Qd8 13. f4 g6 14. Nd2 Be7 15. Re1 Ng4 16. Nxg4 Bxg4 17. Bxe7 Nxe7 18. Qb3 Qd7 19. Nf3 Bxf3 20. Bxf3 c6 21. Re5 Nf5 0-1